Statistics for Car Companies by Letter - A

Click here to take the quiz!

General Stats

  • This quiz has been taken 26 times
  • The average score is 4 of 5

Answer Stats

HintCar Company% Correct
Has a logo that looks a lot like the Olympics logo, and is owned by VW.Audi
100%
James Bond drives a car made by this company.Aston Martin
92%
Owned by Fiat and is a luxury brand.Alfa-Romeo
83%
Higher end version of Honda.Acura
67%
Look a lot like Fiats.Abarth
33%

Score Distribution

Percentile by Number Answered

Percent of People with Each Score

Your Score History

You have not taken this quiz